000 00548nam a2200193 a 4500
001 0788
005 20140414131858.0
008 040929s19uu xx 00 eng d
020 _a971-121-029-0
050 _aFIL
_bH58 1980
100 _aAlonzo, Roberto
245 _aSi hinlalaki : pagkasama, laging okey /
_cby Roberto Alonzo ; illustrated by Ricardo Leynes.
260 _aManila :
_bAklat Adarna,
_c1980.
300 _ap. : ill. ; cm.
650 _aFingers
_xFiction.
650 _aChildren stories.
999 _c110550
_d110550